01455pab a2200169 454500008004000000100003100040245013500071260000900206300001500215520092600230650001801156650002601174650001501200700002501215700001901240773002601259180718b2014 xxu||||| |||| 00| 0 eng d aJacobsen, Christan Botcher aCommand and motivation: How the perception of external interventions relates to intrinsic motivation and public service motivation c2014 ap.790-806. aMotivated employees are crucial to organizations, but external interventions such as command systems and financial incentives may decrease motivation. If these external interventions are perceived to be controlling, they are expected to crowd out intrinsic motivation. This may also apply to other types of autonomous motivation such as public service motivation. The perception of external interventions is thus expected to be pivotal. This article investigates how the perception of a specific command system (obligatory student plans) is associated with intrinsic motivation and public service motivation. Using a dataset consisting of 3230 schoolteachers in Denmark, a structural equation model shows that the perception of obligatory student plans as controlling is negatively associated with all of the investigated types of employee motivation, supporting the idea that motivation crowding can occur. - Reproduced. aCivil service aPublic administration aMotivation aAndersen, Lotte Bogh aHvitved, Johan aPublic Administration